000 00310nam a22001337a 4500
008 170531b xxu||||| |||| 00| 0 eng d
020 _a0669013668
041 _aeng
080 _a94(4)
100 _a17
101 _aSHH
245 _aEUROPE IN RETROSPECT A BRIEF HISTORY
_cBETTS.R.F
942 _2udc
_cBK
999 _c15102
_d15102